DNA Bases by structure - Statistics

General Stats
  • This quiz has been taken 35 times
  • The average score is 5 of 6
Answer Stats
Picture Answer % Correct
Adenine
95%
Guanine
95%
Uracil
95%
Thymine
90%
Cytosine
86%
Inosine
19%
No matching quizzes found
Score Distribution
Percent of People with Each Score
Percentile by Number Answered
Your Score History
You have not taken this quiz